| 000 | 00423cam a2200181ua 4500 | ||
|---|---|---|---|
| 001 | 10985 | ||
| 008 | 190706n ii |||gr||||Z||||||eng | ||
| 020 | _a9789387945012 | ||
| 040 | _cMAIN | ||
| 082 | _a336 | ||
| 100 |
_aSunita Sharma, _eAuthor. |
||
| 245 |
_aPublic finance _cBy Sunita Sharma |
||
| 250 | _a1st ed. | ||
| 260 |
_aJaipur: _bYking books, _c2018. |
||
| 300 | _a231p. | ||
| 653 | _aPublic finance | ||
| 942 | _cBK | ||
| 999 |
_c9896 _d9896 |
||